00929nam a2200277Ia 450000500170000000800410001702000150005810000190007324501170009225000190020930000430022849000170027165000340028865000380032265100400036070000340040070000270043494200150046126400260047633600270050233700330052933800280056204000350059008400110062599900150063620220317001243.0160825s1989 sp a g 000 0 spa  a84305612851 aTierney, Hanne10aAsí vivimos en Nueva YorkcHanne Tierney , ilustraciones Felipe López Salam ; traducción de Fernando Presa a1a. edición  a150 páginas bilustraciones c19 cm  aLas campanas142LEMBaNovela juvenil alemana 142LEMBaLiteratura juvenil alemana  4aNueva York en la literatura 9682951 aLópez Salam, Felipe 9682961 aPresa, Fernando968297 2loccBKLIT aMadridbSusaetac1989 atextobtxt2rdacontent asin mediaciónbn2rdamedia avolumenbnc2rdacarrier aCO-BoRNBPbspaerdacCO-BoRNBP aN TIE1 c6399d6399